000 01403nam a2200421 i 4500
001 1877
003 KOSZ 005
005 20190916143451.0
008 990506s1983 pl a f f |001 0 pol
015 _aPB 1983/2784
035 _a(OCoLC)830228134
040 _aWA N
_cWA N
_dKOSZ 005/HR
041 0 _apol
046 _k1983
080 _a621.01
080 _a539.3/.6
080 _a(075.8)
100 1 _aSkalmierski, Bogdan
_d(1930-2012)
_eAutor
245 1 0 _aMechanika z wytrzymałością materiałów :
_b[podręcznik dla studentów kierunku Elektrotechnika] /
_cBogdan Skalmierski.
250 _aWyd. 2 zm.
260 _aWarszawa :
_bPaństwowe Wydawnictwo Naukowe,
_c1983.
300 _a411, [1] s. :
_brys., wykr. ;
_c24 cm.
336 _2rdacontent
_aTekst
_btxt
337 _2rdamedia
_aBez urządzenia pośredniczącego
_bn
338 _2rdacarrier
_aWolumin
_bnc
380 _aKsiążki
380 _aPublikacje dydaktyczne
385 _mPoziom nauczania
_aSzkoły wyższe
388 _a1901-2000
388 _a1945-1989
504 _aBibliogr. s. 406-408. - Indeks.
658 _aInżynieria i technika
655 4 _aPodręczniki akademickie
650 4 _aMechanika stosowana
650 4 _aWytrzymałość materiałów
856 _uhttp://koha.tu.koszalin.pl/cgi-bin/koha/opac-detail.pl?biblionumber=1877
_yKatalog online BPK
942 _2UKD
_cKS
999 _c1877
_d1877